Instrucción dialogada acerca la higiene de la primera infancia / por F. Vidal Solares
Descripción Física:
62 p. ; 20 cm
MARC
| LEADER | 00000nam a2200000Ia 4500 | ||
|---|---|---|---|
| 001 | 21156 | ||
| 008 | 160829s1886 xx 000 0 cat d | ||
| 080 | |a 1103, exp. 38 | ||
| 100 | |a Vidal Solares, Francisco |9 43619 | ||
| 245 | |a Instrucción dialogada acerca la higiene de la primera infancia / por F. Vidal Solares | ||
| 260 | |a Barcelona : |b Imprenta de los Sucesores de N. Ramírez y Ca., |c 1886 | ||
| 300 | |a 62 p. ; |c 20 cm | ||
| 590 | |a A la portada: Tirada de 10000 ejemplares | ||
| 650 | |a Infants |9 43620 | ||
| 650 | |a Educació sanitària |9 39355 | ||
| 650 | 0 | |a Puericultura |9 25715 | |
| 650 | |a Mares |x Salut i higiene |9 43622 | ||
| 901 | |a Arxiu | ||
| 942 | |n 1 | ||
| 952 | |0 0 |1 0 |4 0 |6 1103_EXP_38 |7 1 |9 51541 |a Arxiu |b Arxiu |d 2016-12-01 |l 0 |o 1103, exp. 38 |p 21156 |r 2016-12-01 00:00:00 |w 2016-12-01 |y ARXIU | ||
| 999 | |c 55386 |d 55386 | ||